000 01104nam a22002537a 4500
001 BD-DhSAU 7469
003 BD-DhSAU
005 20240319150314.0
008 150422b2006 bg ||||| m||m 00| 0 eng d
040 _aBD-DhSAU
082 _222
_a631.4
_bM5803
100 _aA. K. M. SHOHAG MIA
_eRegistration No. # 15-06836
245 _aRole of inorganic and organic (compost) fertilizers on the growth and yield of soybean (glycine max l.) /
_bMS thesis
260 _aSher-e- Bangla Agricultural University:
_bDepartment of Soil Science,
_c2022.
300 _aix, 67p.:
_b30 cm.
500 _aMS thesis of Department of Soil Science , Faculty of Agriculture, Sher-e-Bangla Agricultural University, Dhaka, Bangladesh
590 _aNamul
650 _ainorganic and organic (compost)
651 _afertilizers on the growth and yield of soybean (glycine max l.)
700 _aProf. Mst. Afrose Jahan
_eSuperviser
700 _aProf. Dr. Md. Asaduzzaman Khan
_eCo-Superviser
856 _uhttp://archive.saulibrary.edu.bd:8080/xmlui/handle/123456789/5149
942 _2ddc
_cTHESIS
999 _c17438
_d17437